Elmo's world : (Record no. 116505)
[ view plain ]
| 000 -LEADER | |
|---|---|
| fixed length control field | 00314nam a2200121 a 4500 |
| 005 - DATE AND TIME OF LATEST TRANSACTION | |
| control field | 20140513081056.0 |
| 008 - FIXED-LENGTH DATA ELEMENTS--GENERAL INFORMATION | |
| fixed length control field | 070202s19uu xx 00 eng d |
| 050 ## - LIBRARY OF CONGRESS CALL NUMBER | |
| Classification number | VCD |
| Item number | El48 2003 |
| 245 ## - TITLE STATEMENT | |
| Title | Elmo's world : |
| Remainder of title | dancing, music and books. |
| 260 ## - PUBLICATION, DISTRIBUTION, ETC. (IMPRINT) | |
| Name of publisher, distributor, etc | Viva Video, |
| Date of publication, distribution, etc | 2003. |
| 440 ## - SERIES STATEMENT/ADDED ENTRY--TITLE | |
| Title | Sesame street |
| Withdrawn status | Lost status | Damaged status | Home library | Current library | Shelving location | Date acquired | Source of acquisition | Cost, normal purchase price | Total Checkouts | Full call number | Barcode | Date last seen | Price effective from | Koha item type |
|---|---|---|---|---|---|---|---|---|---|---|---|---|---|---|
| Elizalde Library | Elizalde Library | Audio Visual Material Section | 02/02/2007 | 100.00 | VCD El48 2003 | E590 | 05/13/2014 | 05/13/2014 | Audio Visual Materials |